| 000 | 01263nam a2200325Ia 4500 | ||
|---|---|---|---|
| 001 | ebr10097446 | ||
| 003 | CaPaEBR | ||
| 006 | m u | ||
| 007 | cr cn||||||||| | ||
| 008 | 831116r19881981enkb sb 001 0 eng d | ||
| 010 | _z 83672419 | ||
| 020 | _z0203358996 | ||
| 020 | _z070990388X : | ||
| 020 | _z0709903898 (pbk.) | ||
| 040 |
_aCaPaEBR _cCaPaEBR |
||
| 035 | _a(OCoLC)608191002 | ||
| 050 | 1 | 4 |
_aHT863 _b.G73 1988eb |
| 245 | 0 | 0 |
_aGreek and Roman slavery _h[electronic resource] / _c[edited by] Thomas Wiedemann. |
| 260 |
_aLondon : _bCroom Helm, _c[1988], c1981. |
||
| 300 |
_a284 p. : _bmaps. |
||
| 500 | _aReprint. Originally published: London : Croom Helm, 1981. | ||
| 504 | _aIncludes bibliographical references and indexes. | ||
| 533 |
_aElectronic reproduction. _bPalo Alto, Calif. : _cebrary, _d2007. _nAvailable via World Wide Web. _nAccess may be limited to ebrary affiliated libraries. |
||
| 650 | 0 |
_aSlavery _zGreece _xHistory _vSources. |
|
| 650 | 0 |
_aSlavery _zRome _xHistory _vSources. |
|
| 655 | 7 |
_aElectronic books. _2local |
|
| 700 | 1 | _aWiedemann, Thomas E. J. | |
| 710 | 2 | _aebrary, Inc. | |
| 856 | 4 | 0 |
_uhttp://site.ebrary.com/lib/rucke/Doc?id=10097446 _zAn electronic book accessible through the World Wide Web; click to view |
| 999 |
_c97541 _d97541 |
||